Culture Générale - Série 2222 - Statistiques

Statistiques générales
  • Ce quiz a été pris 126 fois
  • Le résultat moyen est 4 sur 10
Statistiques - réponses
Question Réponse % Correct
La Silésie est une région qui s'étend sur la République Tchèque, l'Allemagne, mais surtout la .... Pologne
82%
Quel département français porte le numéro 45 ? Loiret
67%
Quel verbe de 11 lettres commençant par " o " signifie " Aller au-delà de (ce qui est possible, permis)- transgresser ? outrepasser
62%
Pièce de dimensions étroites, servant au rangement: mot familier de 6 lettres commençant par " c " cagibi
50%
Préparation culinaire de Ligurie à base de basilic, de pignons de pin, d'huile d'olive, d'ail et de fromage râpé pesto
50%
Qu'est-ce que le lindy hop ? danse
44%
Quel métier exerce "Irma la douce" (Shirley MacLaine) dans le film du même nom réalisé par Billy Wilder en 1963 ? prostituée
29%
Quel grand lac a une frontière commune avec la Tanzanie, la Zambie, la République démocratique du Congo et le Burundi ? Tanganyika
12%
Quel grand lac des Etats Unis situé dans les montagnes de la Sierra Nevada borde les états de Californie et du Nevada ? Tahoe
10%
Quel hôtel parisien situé 87 rue Vieille du Temple abrite une partie des Archives nationales ? voir photo Rohan
5%
Aucun quiz correspondant
Distribution des résultats
% des personnes avec chaque résultat
Percentile par nombre de réponses
Votre historique - résultats
Vous n’avez pas pris ce quiz